00891cam a22002533a 450000100060000000300060000600500170001200800410002904000150007004200070008505000070009210000400009924501170013926000290025650500580028550600300034351600200037365300570039365300560045070000290050670000310053583000290056685600420059531809PGUSA20140828083704.0100328s2010||||xxu|||||s|||||000 i eng d aPGUSAbeng adc 4aPR1 aStevenson, Robert Louis,d1850-189414aThe Works of Robert Louis Stevenson - Swanston Edition, Vol. 24h[electronic resource] /cRobert Louis Stevenson bProject Gutenberg,c20100 aThe letters of Robert Louis Stevenson, parts VII—X. aPublic domain in the USA. aElectronic text aStevenson, Robert Louis, 1850-1894 -- Correspondence aAuthors, Scottish -- 19th century -- Correspondence1 aLang, Andrew,d1844-19121 aColvin, Sidney,d1845-1927 0aProject Gutenbergv3180940uhttp://www.gutenberg.org/ebooks/31809